| 000 | 00429nam a22001697a 4500 | ||
|---|---|---|---|
| 003 | MPLRDC | ||
| 005 | 20220104124337.0 | ||
| 008 | 210129b ||||| |||| 00| 0 eng d | ||
| 082 | _a540.7 XHQ-2 | ||
| 100 | _a雪华青编 | ||
| 245 |
_a我们并不寂寞 _c |
||
| 260 |
_a _b雪兰莪中华大会堂青年 _c1989 |
||
| 300 | _b平 | ||
| 490 | _a青年论坛试刊号 | ||
| 650 | _a社会学总论 | ||
| 942 |
_cBK _o540.7 XHQ-2 |
||
| 999 |
_c18591 _d18581 |
||